Central Library OPAC University of Rajshahi

The elements of mathematical logic / (Record no. 30439)

MARC details
000 -LEADER
fixed length control field 00797nam a22002651 4500
001 - CONTROL NUMBER
control field 30439
003 - CONTROL NUMBER IDENTIFIER
rucl marc code BD-RjUL
005 - DATE AND TIME OF LATEST TRANSACTION
control field 20211209051550.0
008 - FIXED-LENGTH DATA ELEMENTS--GENERAL INFORMATION
fixed length control field 140409s1950 nyu b 000 0 eng
035 ## - SYSTEM CONTROL NUMBER
System control number (BD-RjUL)30524
040 ## - CATALOGING SOURCE
Original cataloging agency DLC
Transcribing agency DLC
Modifying agency DLC
-- BD-RjUL
Language of cataloging eng
041 ## - LANGUAGE CODE
Language code of text/sound track or separate title eng
082 00 - DEWEY DECIMAL CLASSIFICATION NUMBER
Classification number 164
Author mark and year ROE 1950
100 1# - MAIN ENTRY--PERSONAL NAME
Personal name Rosenbloom, Paul C.
9 (RLIN) 20316
245 04 - TITLE STATEMENT
Title The elements of mathematical logic /
Statement of responsibility, etc. Paul C. Rosenbloom.
250 ## - EDITION STATEMENT
Edition statement [1st ed.
260 ## - PUBLICATION, DISTRIBUTION, ETC. (IMPRINT)
Place of publication, distribution, etc. New York :
Name of publisher, distributor, etc. Dover Publications,
Date of publication, distribution, etc. 1950.
300 ## - PHYSICAL DESCRIPTION
Pagination iv, 214 p. ;
Size 20 cm.
490 0# - SERIES STATEMENT
Series statement The Dover series in mathematics and physics
504 ## - BIBLIOGRAPHY, ETC. NOTE
Bibliography, etc "Bibliographical and other remarks": p. 194-208.
650 #0 - SUBJECT ADDED ENTRY--TOPICAL TERM
Topical term or geographic name as entry element Logic, Symbolic and mathematical.
9 (RLIN) 92489
942 ## - ADDED ENTRY ELEMENTS (KOHA)
Source of classification or shelving scheme Dewey Decimal Classification
Koha item type Books
Holdings
Lost status Source of classification or shelving scheme Damaged status Not for loan Permanent Location Current Location Shelving location Date acquired Source of acquisition Cost, normal purchase price Total Checkouts Full call number Date last seen Copy number Koha item type
  Dewey Decimal Classification   Not For Loan Central Library, University of Rajshahi Central Library, University of Rajshahi Reading Room 09/06/1975 Jonathan Wren & Co. 1.12   164 ROE 1950 09/04/2014 C-1 Books
  Dewey Decimal Classification     Central Library, University of Rajshahi Central Library, University of Rajshahi   09/06/1975 Jonathan Wren & Co. 1.12   164 ROE 1950 09/04/2014 C-2 Books